[Event "Europa ch 2014"]
[Site "Yerevan ARM"]
[Date "2014.03.03"]
[Round "1.71"]
[White "Galoyan, Levon"]
[Black "Zhigalko, Andrey"]
[Result "0-1"]
[WhiteElo "2251"]
[BlackElo "2603"]
[PlyCount "72"]
[EventDate "2014.03.03"]
[EventType "swiss"]
[EventRounds "11"]
[EventCountry "ARM"]
[Source "lmi"]
[SourceDate "2014.03.02"]

1. d4 Nf6 2. c4 e6 3. Nc3 Bb4 4. e3 O-O 5. Nge2 d5 6. a3 Be7 7. cxd5 exd5 8.
Nf4 c6 9. Bd3 a5 10. O-O Re8 11. f3 Bd6 12. Bc2 Qb6 13. e4 Rd8 14. Kh1 dxe4 15.
Nxe4 Be7 16. Qd3 g6 17. Be3 Nd5 18. Nxd5 cxd5 19. Ng3 Nc6 20. f4 f5 21. Rfd1
Be6 22. Ne2 Na7 23. Nc3 Nc8 24. Na4 Qa7 25. Nc5 Bf7 26. Qe2 Nd6 27. g4 b6 28.
Nd3 fxg4 29. Qxg4 Rac8 30. Qg2 Nf5 31. Bg1 Be6 32. Qe2 Ng7 33. Nf2 Qc7 34. Rac1
Qxf4 35. Nd3 Qg4 36. Qg2 Bg5 0-1

[Event "Europa ch 2014"]
[Site "Yerevan ARM"]
[Date "2014.03.03"]
[Round "1.72"]
[White "Andriasian, Zaven"]
[Black "Oganisian, Roman"]
[Result "1-0"]
[WhiteElo "2600"]
[BlackElo "2243"]
[PlyCount "65"]
[EventDate "2014.03.03"]
[EventType "swiss"]
[EventRounds "11"]
[EventCountry "ARM"]
[Source "lmi"]
[SourceDate "2014.03.02"]

1. e4 e6 2. d4 d5 3. Nc3 Nf6 4. e5 Nfd7 5. f4 c5 6. Nf3 Nc6 7. Be3 a6 8. Qd2 h6
9. Be2 g5 10. fxg5 cxd4 11. Nxd4 Nxd4 12. Bxd4 Qxg5 13. Be3 Qh4+ 14. g3 Qb4 15.
a3 Qa5 16. Bh5 Bg7 17. O-O Nxe5 18. Rae1 O-O 19. Bxh6 Qc5+ 20. Kh1 Ng6 21. Bxg6
fxg6 22. Bxg7 Kxg7 23. Na4 Qd6 24. Rxf8 Qxf8 25. Nb6 Rb8 26. Qc3+ Kg8 27. Kg2
Qd8 28. Qe5 Qxb6 29. Qxb8 Qc6 30. Qe5 Qxc2+ 31. Re2 Qc4 32. Rf2 Qe4+ 33. Qxe4
1-0

[Event "Europa ch 2014"]
[Site "Yerevan ARM"]
[Date "2014.03.03"]
[Round "1.74"]
[White "Nevednichy, Vladislav"]
[Black "Sibashvili, Giorgi"]
[Result "1/2-1/2"]
[WhiteElo "2591"]
[BlackElo "2239"]
[PlyCount "109"]
[EventDate "2014.03.03"]
[EventType "swiss"]
[EventRounds "11"]
[EventCountry "ARM"]
[Source "lmi"]
[SourceDate "2014.03.02"]

1. e4 c5 2. Nf3 d6 3. d4 cxd4 4. Nxd4 Nf6 5. Nc3 Nbd7 6. Be3 a6 7. Be2 e6 8. g4
Nb6 9. g5 Nfd7 10. h4 Ne5 11. f4 Nec4 12. Bc1 e5 13. Nf5 Bxf5 14. exf5 d5 15.
fxe5 Bc5 16. Bxc4 Nxc4 17. Rh2 O-O 18. Re2 d4 19. Ne4 Nxe5 20. Kf1 Qd5 21. Bf4
d3 22. Re1 Qd4 23. Kg2 dxc2 24. Qxd4 Bxd4 25. Bxe5 Bxe5 26. Rac1 Rac8 27. Re2
Bxb2 28. Rcxc2 Ba3 29. Kf3 Rfe8 30. Red2 Kf8 31. Rxc8 Rxc8 32. Rd7 b5 33. Ra7
Rc6 34. h5 Bc5 35. Ra8+ Ke7 36. Rh8 h6 37. f6+ gxf6 38. g6 fxg6 39. hxg6 f5 40.
Nxc5 Rxg6 41. Rh7+ Kd6 42. Nxa6 Kd5 43. Rd7+ Kc6 44. Rf7 Kb6 45. Nb4 Kc5 46.
Nc2 Ra6 47. a3 Kc4 48. Rxf5 Kb3 49. Rc5 Ra4 50. Ke3 Rc4 51. Nd4+ Ka4 52. Rxb5
Rc3+ 53. Kd2 Rxa3 54. Rh5 Rg3 55. Rxh6 1/2-1/2

[Event "Europa ch 2014"]
[Site "Yerevan ARM"]
[Date "2014.03.03"]
[Round "1.75"]
[White "Zanan, Evgeny"]
[Black "Roiz, Michael"]
[Result "0-1"]
[WhiteElo "2236"]
[BlackElo "2591"]
[PlyCount "134"]
[EventDate "2014.03.03"]
[EventType "swiss"]
[EventRounds "11"]
[EventCountry "ARM"]
[Source "lmi"]
[SourceDate "2014.03.02"]

1. d4 d5 2. c4 c6 3. Nc3 Nf6 4. cxd5 cxd5 5. Bf4 Nc6 6. e3 Bf5 7. Qb3 Na5 8.
Qa4+ Bd7 9. Qc2 e6 10. Bd3 Nh5 11. Be5 Nc6 12. Qe2 Nxe5 13. dxe5 g6 14. Nf3 Bb4
15. a3 Ba5 16. O-O O-O 17. Rfd1 a6 18. e4 Bxc3 19. bxc3 Nf4 20. Qe3 Nxd3 21.
Rxd3 dxe4 22. Qxe4 Bc6 23. Qe3 Qe7 24. Nd4 Bd5 25. Qh6 f6 26. Re3 Rac8 27. Qh4
Rf7 28. exf6 Qxf6 29. Qxf6 Rxf6 30. Rae1 Kf7 31. f3 Rc4 32. Rb1 Ra4 33. Nc2 b5
34. Rb4 Rf4 35. Kf2 Ke7 36. Rd3 Kd6 37. Rdd4 Rxd4 38. cxd4 Ra5 39. Ke3 g5 40.
Kd2 g4 41. fxg4 Bxg2 42. Kd3 Bf3 43. g5 Bd1 44. Rb3 Ra4 45. Rc3 Bxc2+ 46. Kxc2
Rxd4 47. Rh3 Rd5 48. Rxh7 Rxg5 49. Ra7 Rc5+ 50. Kd3 Rc6 51. h4 Kc5 52. h5 Rd6+
53. Ke4 Rd4+ 54. Ke5 Ra4 55. Rc7+ Kb6 56. Rc3 Rh4 57. Kxe6 Rxh5 58. Kd6 Ka5 59.
Kc6 Ka4 60. Rg3 a5 61. Kd6 b4 62. axb4 axb4 63. Rg4 Rh3 64. Rg8 Rh5 65. Kc6 b3
66. Kb6 Rf5 67. Ra8+ Kb4 0-1

[Event "Europa ch 2014"]
[Site "Yerevan ARM"]
[Date "2014.03.03"]
[Round "1.77"]
[White "Pogosian, Georgy"]
[Black "Iordachescu, Viorel"]
[Result "0-1"]
[WhiteElo "2234"]
[BlackElo "2583"]
[PlyCount "126"]
[EventDate "2014.03.03"]
[EventType "swiss"]
[EventRounds "11"]
[EventCountry "ARM"]
[Source "lmi"]
[SourceDate "2014.03.02"]

1. d4 Nf6 2. Nf3 e6 3. Bf4 c5 4. e3 cxd4 5. exd4 b6 6. Bd3 Bb7 7. O-O Be7 8.
Nbd2 O-O 9. c3 d6 10. Qe2 a6 11. Rfe1 Nbd7 12. Ne4 Qc7 13. Nxf6+ Nxf6 14. Bg5
Ra7 15. c4 h6 16. Bf4 Qd8 17. Qd2 Re8 18. d5 e5 19. Bg3 Nh5 20. Qc2 Bc8 21.
Bh7+ Kf8 22. Bf5 Bxf5 23. Qxf5 g6 24. Qc2 Kg7 25. Nd2 f5 26. f3 Nxg3 27. hxg3
h5 28. b4 Bf6 29. Rad1 Rc7 30. Qa4 Qc8 31. c5 dxc5 32. bxc5 Rxc5 33. Nb3 Rc4
34. Qa3 h4 35. d6 Rd8 36. gxh4 a5 37. Rc1 a4 38. Nd2 Rc6 39. Rxc6 Qxc6 40. Nf1
Rxd6 41. Rc1 Qd7 42. Qb4 b5 43. Qa5 Bd8 44. Qe1 Qa7+ 45. Kh1 Qd4 46. g3 Bb6 47.
Nh2 Qe3 48. Rc7+ Kf6 49. Qxe3 Bxe3 50. g4 Rd1+ 51. Kg2 Rd2+ 52. Kh1 Bf4 53. g5+
Ke6 54. Nf1 Rxa2 55. h5 Ra1 56. Kg2 Rc1 57. Rb7 gxh5 58. Rb6+ Kf7 59. g6+ Kg7
60. Ng3 Bxg3 61. Kxg3 a3 62. Ra6 b4 63. Kh4 Rc7 0-1

[Event "Europa ch 2014"]
[Site "Yerevan ARM"]
[Date "2014.03.03"]
[Round "1.78"]
[White "Onischuk, Vladimir"]
[Black "Gharagyozyan, Artur"]
[Result "1-0"]
[WhiteElo "2583"]
[BlackElo "2216"]
[PlyCount "99"]
[EventDate "2014.03.03"]
[EventType "swiss"]
[EventRounds "11"]
[EventCountry "ARM"]
[Source "lmi"]
[SourceDate "2014.03.02"]

1. e4 e6 2. d4 d5 3. Bd3 dxe4 4. Bxe4 c5 5. Ne2 cxd4 6. Qxd4 Qxd4 7. Nxd4 Nf6
8. Bf3 a6 9. Nc3 Nbd7 10. Bg5 Ne5 11. Be2 Bb4 12. Bf4 Ng6 13. Bd2 Bd7 14. a3
Bd6 15. O-O Bf4 16. Rfd1 Bxd2 17. Rxd2 O-O-O 18. Rad1 Kc7 19. a4 e5 20. Nf3 Bg4
21. h3 Rxd2 22. Rxd2 Bxf3 23. Bxf3 Nf4 24. a5 Re8 25. Kf1 e4 26. Be2 Re5 27.
Bc4 Rxa5 28. Bxf7 Rg5 29. Rd4 Ra5 30. f3 Ra1+ 31. Kf2 Rc1 32. Bb3 Ng6 33. Nxe4
Nxe4+ 34. Rxe4 Rb1 35. h4 Kd6 36. Rg4 b5 37. h5 Ne7 38. Rxg7 a5 39. Rxh7 a4 40.
Rh6+ Kc5 41. Bf7 Rxb2 42. g4 b4 43. Kg3 Rxc2 44. Re6 Nc6 45. h6 Nd8 46. Re5+
Kb6 47. Be8 a3 48. h7 a2 49. h8=Q Rc1 50. Qh6+ 1-0

[Event "Europa ch 2014"]
[Site "Yerevan ARM"]
[Date "2014.03.03"]
[Round "1.79"]
[White "Torosyan, Norayr"]
[Black "Svetushkin, Dmitry"]
[Result "1-0"]
[WhiteElo "2216"]
[BlackElo "2582"]
[PlyCount "39"]
[EventDate "2014.03.03"]
[EventType "swiss"]
[EventRounds "11"]
[EventCountry "ARM"]
[Source "lmi"]
[SourceDate "2014.03.02"]

1. e4 e5 2. Nf3 Nc6 3. d4 exd4 4. Nxd4 Bc5 5. Nxc6 Qf6 6. Qf3 dxc6 7. Bc4 Qg6
8. O-O Be6 9. Bxe6 fxe6 10. Qb3 O-O-O 11. Be3 Bd4 12. Bxd4 Rxd4 13. Qa3 a6 14.
Qc5 Rd6 15. e5 Qf5 16. Qa7 Qxe5 17. Nc3 g6 18. Rad1 Ne7 19. f4 Qg7 20. Ne4 1-0

[Event "Europa ch 2014"]
[Site "Yerevan ARM"]
[Date "2014.03.03"]
[Round "1.80"]
[White "Shomoev, Anton"]
[Black "Matevosyan, Sedrak"]
[Result "1/2-1/2"]
[WhiteElo "2581"]
[BlackElo "2213"]
[PlyCount "182"]
[EventDate "2014.03.03"]
[EventType "swiss"]
[EventRounds "11"]
[EventCountry "ARM"]
[Source "lmi"]
[SourceDate "2014.03.02"]

1. c4 Nf6 2. g3 e5 3. Bg2 Nc6 4. Nc3 Bb4 5. Nd5 Bc5 6. e3 O-O 7. Ne2 a5 8. O-O
d6 9. a3 Bf5 10. b3 Bd3 11. Bb2 Nxd5 12. Bxd5 Ne7 13. Bg2 Rb8 14. Re1 b5 15.
cxb5 Rxb5 16. Bc3 c6 17. Nc1 Bf5 18. Qe2 Rb7 19. Qa6 Ra7 20. Qc4 Be6 21. Qa4
Qc7 22. Ra2 Nd5 23. Rc2 Nb6 24. Qxc6 Qxc6 25. Bxc6 Rc8 26. b4 Rxc6 27. bxc5
Rxc5 28. Nd3 Rc8 29. Rcc1 Nc4 30. a4 Nb6 31. Nb2 Nd5 32. Nd1 Nb4 33. Rb1 Nd3
34. Rf1 Bh3 35. Rb5 Bxf1 36. Kxf1 Nc5 37. Nb2 Nb7 38. Ke2 Kf8 39. g4 Ke7 40. h4
Ke6 41. f4 f6 42. g5 Kd7 43. Kf3 Rc5 44. Rb3 Ke6 45. Rb6 Nd8 46. Nd3 Rc6 47.
Rb8 Kd7 48. h5 exf4 49. gxf6 gxf6 50. Nxf4 Rb7 51. Ra8 Rc5 52. Bd4 Rc8 53. Rxa5
Nc6 54. Rd5 Nxd4+ 55. Rxd4 Rc5 56. h6 Rg5 57. Ke4 Rb1 58. Nd5 Rg4+ 59. Nf4 Rh4
60. a5 Ra1 61. Rb4 Rxh6 62. Rb7+ Kc8 63. Ra7 Kb8 64. Ra6 Kb7 65. Rb6+ Ka7 66.
Rb5 Ka6 67. Rd5 f5+ 68. Rxf5 Rxa5 69. Rf7 Re5+ 70. Kf3 Kb5 71. e4 Kc4 72. Ke3
Rh1 73. d3+ Kb5 74. Nd5 h5 75. Rb7+ Ka5 76. Ra7+ Kb5 77. Rb7+ Ka4 78. Nb6+ Kb5
79. Nc4+ Kc6 80. Rb6+ Kc7 81. Rxd6 Re7 82. Rh6 h4 83. Nb6 Rg7 84. Nd5+ Kb7 85.
e5 Re1+ 86. Kf4 Rf1+ 87. Ke3 Re1+ 88. Kf4 Rf1+ 89. Ke3 Re1+ 90. Kf4 Rf1+ 91.
Ke3 Re1+ 1/2-1/2

[Event "Europa ch 2014"]
[Site "Yerevan ARM"]
[Date "2014.03.03"]
[Round "1.82"]
[White "Bok, Benjamin"]
[Black "Hairapetian, Anna"]
[Result "1/2-1/2"]
[WhiteElo "2575"]
[BlackElo "2188"]
[PlyCount "74"]
[EventDate "2014.03.03"]
[EventType "swiss"]
[EventRounds "11"]
[EventCountry "ARM"]
[Source "lmi"]
[SourceDate "2014.03.02"]

1. e4 c5 2. Nf3 Nc6 3. Bb5 g6 4. Bxc6 dxc6 5. d3 Bg7 6. h3 Nf6 7. Nc3 O-O 8.
Be3 b6 9. Qd2 e5 10. Bh6 Qd6 11. Nh2 Rd8 12. Bxg7 Kxg7 13. O-O-O a5 14. f3 a4
15. Ng4 Nh5 16. Ne2 Bxg4 17. hxg4 Nf4 18. Nxf4 exf4 19. a3 b5 20. g3 fxg3 21.
Qh6+ Kg8 22. Qxh7+ Kf8 23. Qh6+ Ke7 24. Qg5+ Kd7 25. Rh7 Rf8 26. e5 Qe6 27. Qe3
Rh8 28. Rxh8 Rxh8 29. Qxc5 Rh2 30. Rg1 Qa2 31. Qd6+ Ke8 32. Qb8+ Ke7 33. Qd6+
Ke8 34. Qb8+ Ke7 35. Qd6+ Ke8 36. Qb8+ Ke7 37. Qd6+ Ke8 1/2-1/2

[Event "Europa ch 2014"]
[Site "Yerevan ARM"]
[Date "2014.03.03"]
[Round "1.84"]
[White "Grigoriants, Sergey"]
[Black "Hovhannisyan, Karen"]
[Result "1-0"]
[WhiteElo "2574"]
[BlackElo "2188"]
[PlyCount "41"]
[EventDate "2014.03.03"]
[EventType "swiss"]
[EventRounds "11"]
[EventCountry "ARM"]
[Source "lmi"]
[SourceDate "2014.03.02"]

1. c4 e5 2. Nc3 Nc6 3. g3 Nf6 4. Bg2 Bb4 5. Nd5 Nxd5 6. cxd5 Ne7 7. Nf3 Bd6 8.
e4 c6 9. d4 cxd5 10. dxe5 Bb4+ 11. Bd2 Bxd2+ 12. Nxd2 Qc7 13. f4 Qc5 14. Rc1
Qd4 15. exd5 Qxb2 16. O-O Nf5 17. Nc4 Qxa2 18. Qd3 b5 19. Na3 Nd4 20. Qxd4 Qxa3
21. Ra1 1-0

[Event "Europa ch 2014"]
[Site "Yerevan ARM"]
[Date "2014.03.03"]
[Round "1.85"]
[White "Nikolaidis, Konstantinos"]
[Black "Jianu, Vlad-Cristian"]
[Result "0-1"]
[WhiteElo "2186"]
[BlackElo "2574"]
[PlyCount "78"]
[EventDate "2014.03.03"]
[EventType "swiss"]
[EventRounds "11"]
[EventCountry "ARM"]
[Source "lmi"]
[SourceDate "2014.03.02"]

1. d4 Nf6 2. c4 g6 3. Nc3 Bg7 4. e4 d6 5. Nf3 O-O 6. Be2 e5 7. O-O Na6 8. Be3
Ng4 9. Bg5 Qe8 10. dxe5 dxe5 11. Qc1 c6 12. Rd1 Nc5 13. h3 Nf6 14. Qc2 Ne6 15.
Be3 Nh5 16. c5 Qe7 17. b4 Nhf4 18. Bf1 Qf6 19. Ne1 Nd4 20. Qb2 g5 21. Ne2
Ndxe2+ 22. Bxe2 Qg6 23. f3 h5 24. Rd6 Be6 25. Rad1 g4 26. hxg4 hxg4 27. fxg4
Nxe2+ 28. Qxe2 Qxe4 29. g5 Qxb4 30. Rxe6 fxe6 31. Qh5 Qe4 32. Bf2 Qf5 33. Bg3
Rad8 34. Rxd8 Rxd8 35. Nf3 e4 36. Nh4 Qxc5+ 37. Kh1 Qd5 38. Kh2 Qd1 39. Qg6 Qg4
0-1

[Event "Europa ch 2014"]
[Site "Yerevan ARM"]
[Date "2014.03.03"]
[Round "1.86"]
[White "Golod, Vitali"]
[Black "Basencyan, Mark"]
[Result "1-0"]
[WhiteElo "2573"]
[BlackElo "2186"]
[PlyCount "85"]
[EventDate "2014.03.03"]
[EventType "swiss"]
[EventRounds "11"]
[EventCountry "ARM"]
[Source "lmi"]
[SourceDate "2014.03.02"]

1. e4 e5 2. Nf3 Nc6 3. Bc4 Be7 4. O-O Nf6 5. Re1 O-O 6. d3 d6 7. a4 Re8 8. a5
Bf8 9. c3 Be6 10. a6 b6 11. Nbd2 h6 12. h3 Bxc4 13. dxc4 g6 14. Nf1 Qd7 15. Ne3
Ne7 16. Nh2 Bg7 17. Neg4 h5 18. Nxf6+ Bxf6 19. Nf3 Qc6 20. Qd3 Rf8 21. b4 Rad8
22. Be3 Bg7 23. Rad1 f5 24. Bg5 Rde8 25. Bxe7 Rxe7 26. Nh4 Rf6 27. exf5 gxf5
28. Nxf5 Ref7 29. g4 Kf8 30. Qe4 Qd7 31. c5 hxg4 32. Qa8+ Qe8 33. Qxe8+ Kxe8
34. hxg4 Rg6 35. cxd6 Rxg4+ 36. Kf1 Kd7 37. dxc7+ Kxc7 38. Nd6 Re7 39. Nf5 Re8
40. Rd5 e4 41. Red1 Be5 42. Rd7+ Kc6 43. Ne7+ 1-0

[Event "Europa ch 2014"]
[Site "Yerevan ARM"]
[Date "2014.03.03"]
[Round "1.87"]
[White "Gevorgyan, Maria"]
[Black "Grigoryan, Karen H"]
[Result "0-1"]
[WhiteElo "2180"]
[BlackElo "2572"]
[PlyCount "88"]
[EventDate "2014.03.03"]
[EventType "swiss"]
[EventRounds "11"]
[EventCountry "ARM"]
[Source "lmi"]
[SourceDate "2014.03.02"]

1. e4 Nc6 2. d4 d6 3. Nf3 Nf6 4. Nc3 g6 5. Bc4 Bg7 6. h3 Nxe4 7. Bxf7+ Kxf7 8.
Nxe4 d5 9. Nc5 Qd6 10. c3 e5 11. O-O Re8 12. Re1 h6 13. Nd3 e4 14. Bf4 Qf6 15.
Nfe5+ Kg8 16. Nxc6 Qxc6 17. Ne5 Qf6 18. Bg3 c6 19. Qb3 Kh7 20. Rad1 Re7 21. Qa3
Bf8 22. Qa4 h5 23. c4 h4 24. Bh2 Be6 25. cxd5 cxd5 26. Rc1 Bh6 27. Rc2 Bf5 28.
Rc5 Rf8 29. Re2 Bg7 30. Qb3 Be6 31. Rc1 Qg5 32. Rce1 Bxe5 33. Bxe5 Rf3 34. Re3
Bxh3 35. g3 hxg3 36. Bxg3 Rf5 37. Kh2 Bg4 38. f4 Qh6+ 39. Kg2 Rh5 40. Rg1 Bf3+
41. Kf2 Rh2+ 42. Bxh2 Qxh2+ 43. Kf1 Rc7 44. Re1 Rc2 0-1

[Event "Europa ch 2014"]
[Site "Yerevan ARM"]
[Date "2014.03.03"]
[Round "1.88"]
[White "Parligras, Mircea-Emilian"]
[Black "Vatinyan, Gor"]
[Result "1-0"]
[WhiteElo "2572"]
[BlackElo "2176"]
[PlyCount "77"]
[EventDate "2014.03.03"]
[EventType "swiss"]
[EventRounds "11"]
[EventCountry "ARM"]
[Source "lmi"]
[SourceDate "2014.03.02"]

1. d4 c5 2. d5 Nf6 3. c4 b5 4. cxb5 a6 5. bxa6 Bxa6 6. Nc3 d6 7. Nf3 g6 8. e4
Bxf1 9. Kxf1 Bg7 10. g3 O-O 11. Kg2 Nbd7 12. Qe2 Qa5 13. Bd2 Rfb8 14. b3 Ng4
15. Rac1 Bxc3 16. Bxc3 Qa6 17. Rhe1 Nge5 18. Nxe5 Nxe5 19. Bxe5 dxe5 20. Rc2
Qd6 21. Rec1 Ra5 22. Qe3 Kg7 23. h4 h5 24. a4 Rb4 25. Rc4 Rxc4 26. Rxc4 f6 27.
Qc3 Qb6 28. Kf3 Kf7 29. Ke2 e6 30. dxe6+ Kxe6 31. Kd2 Qd8+ 32. Kc2 Qa8 33. Kb2
Ra6 34. f3 Rd6 35. Rxc5 Qd8 36. Qc4+ Ke7 37. Rc7+ Rd7 38. Qc5+ Ke6 39. Rc6+ 1-0

[Event "Europa ch 2014"]
[Site "Yerevan ARM"]
[Date "2014.03.03"]
[Round "1.89"]
[White "Gasparian, Tigran"]
[Black "Ter-Sahakyan, Samvel"]
[Result "1/2-1/2"]
[WhiteElo "2165"]
[BlackElo "2572"]
[PlyCount "120"]
[EventDate "2014.03.03"]
[EventType "swiss"]
[EventRounds "11"]
[EventCountry "ARM"]
[Source "lmi"]
[SourceDate "2014.03.02"]

1. d4 Nf6 2. Bg5 d5 3. Nd2 e6 4. e4 h6 5. Bxf6 Qxf6 6. Ngf3 g6 7. Bd3 Bg7 8.
Qe2 O-O 9. c3 Nd7 10. O-O c6 11. h3 dxe4 12. Nxe4 Qe7 13. Rfe1 a5 14. Rad1 b6
15. Qe3 Bb7 16. Qf4 Ra7 17. Ne5 Ba8 18. h4 Rd8 19. Bc2 c5 20. Ba4 Nxe5 21. dxe5
Bxe4 22. Qxe4 Raa8 23. g3 Qc7 24. f4 Rxd1 25. Rxd1 Rd8 26. Kf1 g5 27. hxg5 hxg5
28. Rxd8+ Qxd8 29. Ke2 gxf4 30. gxf4 Qh4 31. Bc2 Qh2+ 32. Kf3 c4 33. f5 Qh3+
34. Ke2 exf5 35. Qxf5 Qg2+ 36. Kd1 Qd5+ 37. Ke2 Qg2+ 38. Kd1 Qd5+ 39. Ke2 Bxe5
40. Qh7+ Kf8 41. Qh6+ Bg7 42. Qxb6 Qh5+ 43. Kf1 Qh3+ 44. Ke2 Qg4+ 45. Kf1 Qf4+
46. Ke2 Be5 47. Qe3 Qg4+ 48. Qf3 Qg5 49. Qe3 Bf4 50. Qe4 Bc1 51. b3 Qd2+ 52.
Kf1 Qxc3 53. bxc4 Ba3 54. Bb1 Bb4 55. Qd3 Qe5 56. Qe4 Qf6+ 57. Ke2 Qg5 58. Kf3
Bc5 59. Qa8+ Kg7 60. Qe4 a4 1/2-1/2

[Event "Europa ch 2014"]
[Site "Yerevan ARM"]
[Date "2014.03.03"]
[Round "1.90"]
[White "Vaganian, Rafael A"]
[Black "Cerbulenco, Liviu"]
[Result "1-0"]
[WhiteElo "2570"]
[BlackElo "2160"]
[PlyCount "52"]
[EventDate "2014.03.03"]
[EventType "swiss"]
[EventRounds "11"]
[EventCountry "ARM"]
[Source "lmi"]
[SourceDate "2014.03.02"]

1. d4 Nf6 2. Bg5 Ne4 3. Bf4 d5 4. e3 c5 5. Bd3 cxd4 6. Bxe4 dxe4 7. Qxd4 Qxd4
8. exd4 Nc6 9. Ne2 Bg4 10. Nbc3 O-O-O 11. O-O-O g6 12. d5 Nb4 13. Rd4 Bxe2 14.
Nxe2 Nxd5 15. Rhd1 e6 16. c4 Bc5 17. cxd5 Bxd4 18. Rxd4 Rxd5 19. Rc4+ Kd8 20.
Nc3 Rf5 21. Be3 Kd7 22. g4 Rf3 23. Nxe4 Rh3 24. Nf6+ Ke7 25. g5 Kd6 26. Rc3 Ke5
1-0

[Event "Europa ch 2014"]
[Site "Yerevan ARM"]
[Date "2014.03.03"]
[Round "1.91"]
[White "Antinyan, Armen"]
[Black "Goganov, Aleksey"]
[Result "0-1"]
[WhiteElo "2155"]
[BlackElo "2569"]
[PlyCount "74"]
[EventDate "2014.03.03"]
[EventType "swiss"]
[EventRounds "11"]
[EventCountry "ARM"]
[Source "lmi"]
[SourceDate "2014.03.02"]

1. e4 d6 2. d4 Nf6 3. Bd3 e5 4. c3 Nbd7 5. Ne2 g6 6. O-O Bg7 7. f4 exd4 8. cxd4
O-O 9. Nbc3 c5 10. Kh1 cxd4 11. Nxd4 Nc5 12. Bc2 Re8 13. e5 dxe5 14. fxe5 Ng4
15. Bf4 Nxe5 16. Ndb5 Bg4 17. Qd6 Qxd6 18. Nxd6 Rf8 19. Nd5 Ncd3 20. Bxe5 Nxe5
21. Bb3 b6 22. Rae1 Rad8 23. Nf6+ Bxf6 24. Rxf6 Kg7 25. Ref1 Bf5 26. R6xf5 gxf5
27. Nxf5+ Kh8 28. h3 Rd2 29. Ne7 Rxb2 30. Rf5 Ng6 31. Nd5 Rxg2 32. Rh5 Rb2 33.
Nf6 Kg7 34. Rf5 Rc8 35. Rf1 Rc3 36. Ne4 Rxh3+ 37. Kg1 Ne5 0-1

[Event "Europa ch 2014"]
[Site "Yerevan ARM"]
[Date "2014.03.03"]
[Round "1.92"]
[White "Huzman, Alexander"]
[Black "Mnatsakanian, Eduard A"]
[Result "1-0"]
[WhiteElo "2569"]
[BlackElo "2144"]
[PlyCount "50"]
[EventDate "2014.03.03"]
[EventType "swiss"]
[EventRounds "11"]
[EventCountry "ARM"]
[Source "lmi"]
[SourceDate "2014.03.02"]

1. d4 d5 2. c4 c6 3. Nf3 Nf6 4. e3 e6 5. Bd3 Nbd7 6. b3 Bb4+ 7. Nbd2 Ne4 8. a3
Bc3 9. Rb1 e5 10. b4 O-O 11. O-O Bxd2 12. Bxd2 Nxd2 13. Qxd2 a6 14. Qc2 g6 15.
cxd5 exd4 16. a4 Nb6 17. Rfc1 Bd7 18. Ne5 Be8 19. b5 cxb5 20. axb5 a5 21. Qc7
Qxc7 22. Rxc7 Rb8 23. g3 a4 24. Rbc1 Bd7 25. Bb1 Rfd8 1-0

[Event "Europa ch 2014"]
[Site "Yerevan ARM"]
[Date "2014.03.03"]
[Round "1.93"]
[White "Vardanian, Hamazasp"]
[Black "Kuljasevic, Davorin"]
[Result "1/2-1/2"]
[WhiteElo "2138"]
[BlackElo "2567"]
[PlyCount "114"]
[EventDate "2014.03.03"]
[EventType "swiss"]
[EventRounds "11"]
[EventCountry "ARM"]
[Source "lmi"]
[SourceDate "2014.03.02"]

1. e4 e5 2. Nf3 Nc6 3. Nc3 Nf6 4. d4 exd4 5. Nxd4 Bc5 6. Be3 Bb6 7. Nxc6 bxc6
8. e5 Bxe3 9. fxe3 Nd5 10. Nxd5 cxd5 11. Qd4 O-O 12. Be2 Bb7 13. O-O-O Qe7 14.
Bf3 c6 15. c4 dxc4 16. Qxd7 Qxe5 17. Qd4 Qa5 18. Kb1 Bc8 19. Bxc6 Rb8 20. Qxc4
Be6 21. Bd5 Rfc8 22. Qd4 Bxd5 23. Qxd5 Rxb2+ 24. Kxb2 Qc3+ 25. Kb1 Rb8+ 26. Qb3
Rxb3+ 27. axb3 Qxb3+ 28. Ka1 g6 29. Rd2 Qxe3 30. Ra2 a5 31. h3 Qd4+ 32. Kb1 a4
33. Rc1 h5 34. Rc8+ Kg7 35. Rac2 Qb4+ 36. Ka2 Qb3+ 37. Ka1 h4 38. R8c3 Qb5 39.
Ka2 Qb4 40. Rf3 Qe4 41. Rfc3 Qb4 42. Rf3 f5 43. Rb2 Qd6 44. Rc3 Qd4 45. Rcc2
Qd3 46. Rd2 Qe3 47. Re2 Qc5 48. Rec2 Qe7 49. Re2 Qc5 50. Rec2 Qd4 51. Rd2 Qf4
52. Ka3 Kh6 53. Rf2 Qc4 54. Rfc2 Qa6 55. Rd2 Qa7 56. Rdc2 Kh5 57. Rc4 Qe3+
1/2-1/2

[Event "Europa ch 2014"]
[Site "Yerevan ARM"]
[Date "2014.03.03"]
[Round "1.95"]
[White "Apresyan, Zohrak"]
[Black "Esen, Baris"]
[Result "1/2-1/2"]
[WhiteElo "2136"]
[BlackElo "2563"]
[PlyCount "81"]
[EventDate "2014.03.03"]
[EventType "swiss"]
[EventRounds "11"]
[EventCountry "ARM"]
[Source "lmi"]
[SourceDate "2014.03.02"]

1. e4 g6 2. d4 Bg7 3. Nf3 d6 4. Bc4 Nf6 5. Nc3 O-O 6. O-O c6 7. Re1 d5 8. Bb3
Bg4 9. Bg5 Be6 10. Qd2 Nbd7 11. Bh6 dxe4 12. Nxe4 Bd5 13. Bxd5 cxd5 14. Nxf6+
exf6 15. Bxg7 Kxg7 16. Qb4 Qb6 17. Qxb6 Nxb6 18. Re7 Rab8 19. Rae1 Rfc8 20. c3
Na4 21. Rd7 Nb6 22. Rde7 Kf8 23. Kf1 a5 24. R1e2 a4 25. a3 Nc4 26. Rd7 Re8 27.
Rxe8+ Kxe8 28. Rxd5 Nxb2 29. Nd2 b5 30. Ke2 h5 31. Ne4 Ke7 32. Nd6 Ke6 33. Rxb5
Rxb5 34. Nxb5 Kd5 35. Kd2 Kc6 36. Na7+ Kb7 37. Nb5 Kc6 38. Na7+ Kb7 39. Nb5 Kc6
40. Na7+ Kb7 41. Nb5 1/2-1/2

[Event "Europa ch 2014"]
[Site "Yerevan ARM"]
[Date "2014.03.03"]
[Round "1.96"]
[White "Palac, Mladen"]
[Black "Ghvamberia, Nika"]
[Result "1-0"]
[WhiteElo "2561"]
[BlackElo "2133"]
[PlyCount "22"]
[EventDate "2014.03.03"]
[EventType "swiss"]
[EventRounds "11"]
[EventCountry "ARM"]
[Source "lmi"]
[SourceDate "2014.03.02"]

1. e4 c5 2. Nf3 e6 3. d4 cxd4 4. Nxd4 a6 5. Bd3 Qc7 6. O-O Nf6 7. Qe2 d6 8. c4
Be7 9. Nc3 O-O 10. f4 Nbd7 11. Nf3 g6 1-0

[Event "Europa ch 2014"]
[Site "Yerevan ARM"]
[Date "2014.03.03"]
[Round "1.97"]
[White "Bykova, Anastasia"]
[Black "Gabrielian, Artur"]
[Result "0-1"]
[WhiteElo "2132"]
[BlackElo "2560"]
[PlyCount "112"]
[EventDate "2014.03.03"]
[EventType "swiss"]
[EventRounds "11"]
[EventCountry "ARM"]
[Source "lmi"]
[SourceDate "2014.03.02"]

1. d4 Nf6 2. Nf3 g6 3. Bg5 Bg7 4. Nbd2 d6 5. c3 O-O 6. e4 c5 7. dxc5 dxc5 8.
Bc4 Nc6 9. Qe2 Qc7 10. O-O b6 11. Bh4 Nh5 12. Qe3 Bb7 13. Rfd1 Rad8 14. Nf1 Ne5
15. Nxe5 Qxe5 16. f3 Bf6 17. Bxf6 Nxf6 18. Qe1 Nh5 19. Rxd8 Rxd8 20. Rd1 Rxd1
21. Qxd1 Qc7 22. Qb3 e6 23. Qd1 Kg7 24. Ne3 Nf6 25. Bf1 Ne8 26. Qa4 Bc6 27. Bb5
Bxb5 28. Qxb5 Qd8 29. Qe2 h5 30. Qd1 Qc7 31. Qd2 b5 32. b3 a6 33. Nf1 Qe5 34.
Ng3 Nf6 35. Ne2 Qc7 36. a3 Nd7 37. Qf4 Qc6 38. Kf1 a5 39. Qd2 Ne5 40. f4 Ng4
41. h3 Nf6 42. e5 Nd5 43. c4 bxc4 44. bxc4 Ne7 45. Kf2 Nf5 46. Qd3 h4 47. Qc2
Qb7 48. Qd2 Qb3 49. Qc3 Qa2 50. Qxa5 Ng3 51. Qe1 Qxc4 52. Nxg3 Qxf4+ 53. Kg1
hxg3 54. a4 c4 55. Qf1 Qe3+ 56. Kh1 Qxe5 0-1

[Event "Europa ch 2014"]
[Site "Yerevan ARM"]
[Date "2014.03.03"]
[Round "1.98"]
[White "Savchenko, Boris"]
[Black "Manukyan, Sargis A"]
[Result "1/2-1/2"]
[WhiteElo "2560"]
[BlackElo "2123"]
[PlyCount "35"]
[EventDate "2014.03.03"]
[EventType "swiss"]
[EventRounds "11"]
[EventCountry "ARM"]
[Source "lmi"]
[SourceDate "2014.03.02"]

1. e4 c5 2. Nf3 d6 3. d4 cxd4 4. Nxd4 Nf6 5. Nc3 a6 6. Bg5 e6 7. f4 Qb6 8. Qd2
Qxb2 9. Rb1 Qa3 10. f5 Nc6 11. fxe6 fxe6 12. Nxc6 bxc6 13. Be3 Qa5 14. Bb6 Qe5
15. Bd4 Qa5 16. Bb6 Qe5 17. Bd4 Qa5 18. Bb6 1/2-1/2